| 000 | 00862nam a2200241Ia 4500 | ||
|---|---|---|---|
| 001 | 11822 | ||
| 003 | GE_BSU | ||
| 008 | 181216s||||||||xx |||||||||||||| ||und|| | ||
| 040 | _cGE_BSU | ||
| 080 | _a636.1(035) | ||
| 100 | _aპოპოვი,ბ.ნ. მ.ი. როგალევიჩი, ე.ვ. კოჟევნიკოვი, დ.მ. ტეტერნიკი | ||
| 245 | _aმეცხენის ცნობარი | ||
| 245 | _cრედ. დ.აგლაძე | ||
| 250 | _aმეორე გადამუშ. | ||
| 260 | _aთბილისი | ||
| 260 | _bსახელგამი | ||
| 260 | _c1953 | ||
| 300 | _a455გვ.22სმ. | ||
| 300 | _bილ.ცხრ. | ||
| 653 | _aმეცხენეობა - ცნობარები; | ||
| 653 | _aმეცხენის ცნობარი | ||
| 942 | _cBK | ||
| 999 |
_c45001 _d45001 |
||